100'den geriye sayılar - Statistics

General Stats
  • This quiz has been taken 992 times
  • The average score is 66 of 100
Answer Stats
Hint Answer % Correct
1 100
100%
2 99
97%
4 97
96%
3 98
96%
5 96
95%
10 91
94%
9 92
94%
8 93
94%
7 94
94%
6 95
94%
12 89
93%
11 90
93%
13 88
92%
17 84
91%
16 85
91%
15 86
91%
14 87
91%
19 82
90%
18 83
90%
20 81
89%
21 80
88%
26 75
87%
25 76
87%
24 77
87%
23 78
87%
22 79
87%
28 73
86%
27 74
86%
30 71
85%
29 72
85%
31 70
84%
37 64
83%
36 65
83%
35 66
83%
34 67
83%
33 68
83%
32 69
83%
40 61
82%
39 62
82%
38 63
82%
41 60
81%
43 58
78%
42 59
78%
44 57
77%
46 55
76%
45 56
76%
48 53
75%
47 54
75%
50 51
73%
49 52
73%
51 50
71%
53 48
69%
52 49
69%
54 47
68%
55 46
67%
56 45
66%
57 44
65%
59 42
64%
58 43
64%
60 41
63%
61 40
61%
62 39
59%
65 36
58%
64 37
58%
63 38
58%
66 35
57%
67 34
55%
68 33
54%
69 32
53%
70 31
52%
71 30
49%
72 29
47%
73 28
46%
74 27
45%
75 26
44%
76 25
43%
77 24
42%
78 23
41%
79 22
40%
80 21
38%
81 20
37%
83 18
35%
82 19
35%
85 16
34%
84 17
34%
86 15
33%
87 14
32%
89 12
30%
88 13
30%
90 11
27%
91 10
26%
93 8
25%
92 9
25%
100 1
24%
99 2
24%
98 3
24%
97 4
24%
96 5
24%
95 6
24%
94 7
24%
No matching quizzes found
Score Distribution
Percent of People with Each Score
Percentile by Number Answered
Your Score History
You have not taken this quiz